Personnes enterrées au Panthéon - Mort Subite - Statistiques

Statistiques générales
  • Ce quiz a été pris 548 fois
    173 depuis la dernière actualisation
  • Le résultat moyen est 4 sur 22
Answers on the Grid
Answers color-coded by a green-red scale on the quiz's grid according to % correct below.
Alexandre Dumas
André Jeanbon Saint-André
Antoine de Saint-Exupéry
Antoine Lavoisier
Antoine Veil
Aristide Briand
Auguste Lumière
Charles de Gaulle
Emile Zola
Felix Eboué
François-Marie Arouet
Gaspard Monge
Georges Clémenceau
Gustave Flaubert
Henri Beyle
Jacques-Germain Soufflot
Jean Monnet
Jean Moulin
Jean Perrin
Jean Rousseau
Jean-François de la Pérouse
Jean-Jacques Rousseau
Jean-Paul Marat
Joseph Fouché
Joseph Joffre
Josephine Baker
Jules Ferry
Léon Foucault
Louis Braille
Louis Pasteur
Louis-Antoine de Bougainville
Marguerite Yourcenar
Marie Curie
Marie François Sadi Carnot
Michel Ney
Nicolas de Condorcet
Paul Painlevé
Robert Schuman
Honoré de Balzac
Sadi Carnot
Sainte Geneviève
Sophie Bertelot
Victor Hugo
Victor Schoelcher
 
Statistiques - réponses
Réponse % Correct
Josephine Baker
52%
Victor Hugo
48%
Emile Zola
36%
Jean Moulin
35%
Marie Curie
35%
Jean-Jacques Rousseau
31%
Alexandre Dumas
25%
Louis Braille
16%
Antoine Veil
14%
Victor Schoelcher
13%
Jacques-Germain Soufflot
12%
Marie François Sadi Carnot
11%
Sophie Bertelot
11%
Jean Monnet
10%
Felix Eboué
8%
Jean Rousseau
8%
Gaspard Monge
7%
Nicolas de Condorcet
7%
François-Marie Arouet
5%
Paul Painlevé
4%
Louis-Antoine de Bougainville
2%
Jean Perrin
1%
Aucun quiz correspondant
Distribution des résultats
% des personnes avec chaque résultat
Percentile par nombre de réponses
Votre historique - résultats
Vous n’avez pas pris ce quiz depuis la dernière actualisation